Asian Countries By Wikipedia Description - Statistics

General Stats
  • This quiz has been taken 22 times
  • The average score is 13 of 15
Answer Stats
Wikipedia Description Answer % Correct
With a population exceeding 1.4 billion, it is the second-most populous country after India, representing 17.4% of the world population China
100%
the only country with a coastline along both the Red Sea and the Persian Gulf, and most of its terrain consists of arid desert, lowland, steppe, and mountains. Saudi Arabia
95%
Bounded by the Indian Ocean on the south, the Arabian Sea on the southwest, and the Bay of Bengal on the southeast, it shares land borders with Pakistan to the west India
90%
The archipelago has been a valuable region for trade since at least the seventh century, when Sumatra's Srivijaya and later Java's Majapahit kingdoms engaged in commerce with entities from mainland China and the Indian subcontinent. Indonesia
90%
The early 20th century saw the Persian Constitutional Revolution and the establishment of the Pahlavi dynasty by Reza Shah, who ousted the last Qajar shah in 1925. Iran
90%
the world's ninth-largest country by land area and the largest landlocked country. Hilly plateaus and plains account for nearly half its vast territory Kazakhstan
90%
the Ottomans united the principalities and expanded. Mehmed II conquered Constantinople (modern-day Istanbul) in 1453 Turkey
90%
oil and natural gas reserves are the world's seventh and seventh-largest, respectively.[16][17] Zayed bin Sultan Al Nahyan, ruler of Abu Dhabi and the country's first president United Arab Emirates
90%
About three-quarters of the country's terrain is mountainous and heavily forested, concentrating its agriculture and highly urbanized population along its eastern coastal plains. The country sits on the Pacific Ring of Fire, making its islands prone to destructive earthquakes and tsunamis. Japan
85%
Located in the western Pacific Ocean, it consists of 7,641 islands, with a total area of roughly 300,000 square kilometers Philippines
85%
Chinese records in the early seventh century BC. From the mid first century BC,[11] various polities consolidated into the rival kingdoms of Goguryeo, Baekje, and Silla, with the lattermost unifying most of the peninsula for the first time South Korea
85%
A federal constitutional monarchy, it consists of 13 states and three federal territories, separated by the South China Sea into two regions Malaysia
80%
Approximately 30% of the population is nomadic or semi-nomadic; horse culture remains integral. Buddhism is the majority religion (51.7%), with the nonreligious being the second-largest group (40.6%). Mongolia
80%
located on the eastern Indochinese Peninsula between the latitudes 8° and 24°N, and the longitudes 102° and 110°E Vietnam
80%
the site of several ancient cultures, including the 8,500-year-old Neolithic site of Mehrgarh in Balochistan, the Indus Valley Civilisation of the Bronze Age,[11] and the ancient Gandhara civilisation Pakistan
75%
No matching quizzes found
Score Distribution
Percent of People with Each Score
Percentile by Number Answered
Your Score History
You have not taken this quiz